| 000 | 00574nam a2200205Ia 4500 | ||
|---|---|---|---|
| 008 | 260312s9999 xx 000 0 und d | ||
| 020 | _a8838790248 | ||
| 082 | _a342.83 D383c 1990 HNA | ||
| 100 |
_aRinaldi, Alfonsina et al. _935387 |
||
| 245 | 0 | _aDemocrazia e costituzionalismo alla prova: Il caso cileno. | |
| 260 | _aMaggioli | ||
| 260 | _bSan Marino | ||
| 260 | _c1990 | ||
| 300 | _a447p. | ||
| 500 | _aColección Humberto Nogueira Alcalá | ||
| 650 |
_aChile _9121 |
||
| 650 |
_aConstitucionalismo _92301 |
||
| 650 |
_aDemocracia _916 |
||
| 942 |
_2ddc _cLIBRO |
||
| 999 |
_c20201 _d20201 |
||